00753nam a2200241Ia 450000100060000000300090000600800410001504000130005604000130006904100130008210000210009510000290011624500590014524500480020425000110025226000100026326000230027326000490029630000570034550000560040265000220045865000310048037409IT-RoPAU130308s9999 xx 000 0 und d aIT-RoPAU cIT-RoPAU aFRANCESE aDeliege Celestin gCodice Aut. SPICS: 10594 aVariables historiques du concept de recherche musicale bQuoi? Quand? Comment?-La Recherche Musicale a1a ed. aPARIS bBourgois Crhistian c1985 [1° Ed.:1985 - Ed.Ling.Originale:1985] a"26 p. (prefazione: no ; testo: 26 [pagine: 35-60])" aVariabili Storiche del Concetto di Ricerca Musicale aTEORICHE MUSICALI eCodice materia Spics: 7005